| 000 | 00543nam a22002057a 4500 | ||
|---|---|---|---|
| 003 | OSt | ||
| 005 | 20170130182346.0 | ||
| 008 | 170130b xxu||||| |||| 00| 0 eng d | ||
| 020 | _a9780435401863 | ||
| 040 | _cDMLN | ||
| 082 | _aWS103 R431p 2005 | ||
| 100 |
_aRiddall-Leech, Sheila _911464 |
||
| 245 | _aHow to Observe Children | ||
| 260 | _aOxford; Heinemann Educational, 2005 | ||
| 300 | _a162p; ill: 27cm | ||
| 504 | _aReferences, & index included | ||
| 650 |
_aChildcare _911465 |
||
| 650 |
_aPaediatrics _93350 |
||
| 942 |
_2z _cO_SHELF |
||
| 999 |
_c5493 _d5493 |
||